000 00267nam a22001097a 4500
082 _a368.22BRO
100 _aRobert H. Brown
245 _aTHE SUMMARY OF THE INSTITUTE TIME CLAUSES
260 _aLONDON
_bWitherby&Co Ltd
_c1971
300 _a25p.
_bill;24cm
942 _cBK
999 _c19846
_d19846